[Event "Chicago Open 2013"]
[Site "Wheeling USA"]
[Date "2013.05.25"]
[Round "5.10"]
[White "Shulman,Y"]
[Black "Troff,Kayden W"]
[Result "1/2-1/2"]
[WhiteElo "2570"]
[BlackElo "2421"]

1.c4 Nf6 2.g3 c6 3.Bg2 d5 4.Nf3 g6 5.b3 Bg7 6.Bb2 O-O 7.O-O Bg4 8.d3 Qc8
9.Nbd2 Bh3 10.e4 dxe4 11.dxe4 Rd8 12.Qe2 Qg4 13.e5 Nfd7 14.Bxh3 Qxh3 15.Ne4 h6
16.Rad1 Na6 17.Rd2 Ndc5 18.Nxc5 Nxc5 19.Ba3 Rxd2 20.Qxd2 Qf5 21.Bxc5 Qxf3
22.Re1 Qf5 23.Bxe7 Bxe5 24.Qxh6 Bd4 25.Qd2 c5 26.Kg2 Re8 27.Bd6 Re4 28.Bf4 Qe6
29.Kf1 Qh3+ 30.Kg1 Qe6 31.Rxe4 Qxe4 32.Be3 b6 33.Bxd4 cxd4 34.f3 Qb1+ 35.Kg2 Qa1
36.Kf2 Qh1 37.Qxd4  1/2-1/2

[Event "Chicago Open 2013"]
[Site "Wheeling USA"]
[Date "2013.05.26"]
[Round "7.12"]
[White "Shulman,Y"]
[Black "Homa,S"]
[Result "1-0"]
[WhiteElo "2570"]
[BlackElo "2307"]

1.d4 d5 2.c4 c6 3.Nf3 Nf6 4.Nc3 dxc4 5.a4 Bf5 6.e3 e6 7.Bxc4 Bb4 8.O-O O-O
9.Nh4 Bg4 10.f3 Bh5 11.g4 Nd5 12.Ng2 Bg6 13.Na2 Be7 14.e4 Nb6 15.Bb3 c5 16.a5 Nc8
17.d5 Qxa5 18.dxe6 Nc6 19.Be3 Nd4 20.Nc3 Qd8 21.Nf4 Bg5 22.Bxd4 Bxf4 23.Bxc5 Bxh2+
24.Kxh2 Qc7+ 25.f4 Qxc5 26.f5 fxe6 27.fxg6 Qe5+ 28.Kg2 Ne7 29.Qd7 Nxg6 30.Qxe6+  1-0

[Event "Chicago Open 2013"]
[Site "Wheeling USA"]
[Date "2013.05.27"]
[Round "8.7"]
[White "Krush,I"]
[Black "Shulman,Y"]
[Result "1-0"]
[WhiteElo "2470"]
[BlackElo "2570"]

1.d4 Nf6 2.c4 c5 3.d5 e5 4.Nc3 d6 5.e4 Be7 6.Nf3 Nbd7 7.g3 O-O 8.Bg2 Nh5
9.O-O g6 10.Bh6 Ng7 11.Qd2 Nf6 12.h3 Kh8 13.Ne1 Nfh5 14.Kh2 f5 15.exf5 gxf5
16.Bf3 Rf6 17.Bg5 Rg6 18.Bxe7 Qxe7 19.Ng2 Bd7 20.Rg1 Rf8 21.Nh4 Rg5 22.Qe2 Nf6
23.Rae1 e4 24.Qe3 f4 25.Qd2 e3 26.gxf4 Ng4+ 27.Bxg4 Rxg4 28.Ng2 Rg6 29.Rxe3 Qd8
30.Ne4 Nf5 31.Qc3+ Kg8 32.Rd3 Nd4 33.Re1 Rh6 34.Rg3+ Kh8 35.Rd1 Rg6 36.Rxg6 hxg6
37.Nxd6 b6 38.Ne4 Kg7 39.Rd3 Bf5 40.Re3 Bxe4 41.Rxe4 Qf6 42.Qe3 Nf5 43.Qe2 Rf7
44.Re8 Nd4 45.Qe4 Kh7 46.h4 Kh6 47.b3 a6 48.Kh3 Qd6 49.Qe5 Qd7+ 50.Kg3 Nf5+
51.Kh2 b5 52.Ne3 Nd4 53.Kg2 bxc4 54.bxc4 Rg7 55.Rh8+ Rh7 56.f3  1-0

[Event "41st Annual World Open"]
[Site "Arlington USA"]
[Date "2013.07.05"]
[Round "5.11"]
[White "Shulman,Y"]
[Black "Krush,I"]
[Result "1/2-1/2"]
[WhiteElo "2542"]
[BlackElo "2480"]

1.d4 Nf6 2.c4 e6 3.Nc3 Bb4 4.e3 b6 5.Ne2 c5 6.a3 Ba5 7.Rb1 Na6 8.g3 Bb7 9.d5 b5
10.Bg2 bxc4 11.O-O O-O 12.e4 exd5 13.e5 Ng4 14.Bxd5 Bc6 15.Bf4 Re8 16.Bxc6 dxc6
17.Qa4 Nxe5 18.Bxe5 Rxe5 19.Rfd1 Qb6 20.Qxc4 Rae8 21.Rd7 R5e7 22.Rbd1 Nc7
23.Nf4 Bxc3 24.Qxc3 Ne6 25.Rxe7 Rxe7 26.Re1 Qd8 27.Nxe6 Rxe6 28.Rxe6 fxe6
29.Qxc5 Qd1+ 30.Kg2 Qd5+ 31.Qxd5 exd5 32.f4 a5 33.b4 axb4 34.axb4 g6 35.Kf3 Kf7
36.g4 Kf6 37.Ke3 Ke6 38.Kd3 Ke7 39.Ke3 Ke6 40.Kd3  1/2-1/2

[Event "Yinzhou Cup CHN-USA"]
[Site "Ningbo CHN"]
[Date "2013.07.19"]
[Round "1.5"]
[White "Shulman,Y"]
[Black "Wen Yang"]
[Result "0-1"]
[WhiteElo "2542"]
[BlackElo "2593"]

1.d4 Nf6 2.c4 g6 3.Nc3 Bg7 4.e4 d6 5.Nf3 O-O 6.Be2 e5 7.Be3 exd4 8.Nxd4 Re8
9.f3 c6 10.O-O d5 11.cxd5 Nxd5 12.Nxd5 cxd5 13.Qb3 Nc6 14.Rad1 Nxd4 15.Bxd4 Bxd4+
16.Rxd4 Qf6 17.Rd2 Qf4 18.Qxd5 Be6 19.Qd4 Bxa2 20.Ra1 Be6 21.Rdd1 Red8 22.Qxd8+ Rxd8
23.Rxd8+ Kg7 24.Rad1 h5 25.R8d3 Bc4 26.R3d2 Bb3 27.h3 Bxd1 28.Rxd1 Qe3+ 29.Kf1 a5
30.Bd3 a4 31.Bc2 b5 32.Bd3 b4 33.Bc4 h4 34.Bd5 Kf6 35.Bc6 Qb3 36.Rd6+ Ke5
37.Rd5+ Kf4 38.Bb5 Qxb2 39.Bxa4 Qa1+ 40.Bd1 b3 41.Kf2 b2 42.Bc2 Qc1 43.Bd3 Qd2+
44.Kf1 Ke3  0-1

[Event "Yinzhou Cup CHN-USA"]
[Site "Ningbo CHN"]
[Date "2013.07.20"]
[Round "2.5"]
[White "Shulman,Y"]
[Black "Lu Shanglei"]
[Result "0-1"]
[WhiteElo "2542"]
[BlackElo "2536"]

1.d4 d5 2.c4 e6 3.Nc3 Nf6 4.cxd5 exd5 5.Bg5 c6 6.Qc2 Na6 7.e3 Nb4 8.Qb1 g6
9.Qd1 a5 10.a3 Na6 11.Bd3 Nc7 12.Nge2 Bd6 13.h3 Be7 14.Bh6 Nh5 15.g4 Nf6
16.Bg7 Rg8 17.Bh6 Ne6 18.Qc2 Bd7 19.Nf4 Bd6 20.Nxe6 Bxe6 21.Bg5 Rh8 22.Rg1 h6
23.Bh4 g5 24.Bg3 h5 25.gxh5 Bxg3 26.Rxg3 Nxh5 27.Rg1 Bxh3 28.O-O-O Qf6 29.Na4 Ng7
30.Nc5 b6 31.Na4 Rb8 32.Rh1 Rh4 33.Rdg1 Bd7 34.Rxh4 gxh4 35.f3 c5 36.dxc5 Bxa4
37.Qxa4+ Kf8 38.c6 Qxf3 39.Qd4 Ne6 40.Qe5 Ke7 41.Ba6 d4 42.exd4 Qxc6+ 43.Kb1 Qd6
44.Qe2 Qxd4 45.Rg4 Qf6 46.Bc4 Rd8 47.Ka2 Rd4 48.Rg8 Rd8 49.Rg1 h3 50.Bb3 a4
51.Bxa4 Qd4 52.Rg4 Qd2 53.Qa6 Qd5+ 54.Qc4 Qxc4+ 55.Rxc4 Rd4 56.Bb5 Rxc4 57.Bxc4 Nf4
58.Ba6 Kd6 59.Bb7 Nd5  0-1

[Event "Yinzhou Cup CHN-USA"]
[Site "Ningbo CHN"]
[Date "2013.07.21"]
[Round "3.5"]
[White "Xiu Deshun"]
[Black "Shulman,Y"]
[Result "1-0"]
[WhiteElo "2556"]
[BlackElo "2542"]

1.Nf3 Nf6 2.c4 b6 3.g3 Bb7 4.Bg2 g6 5.Nc3 Bg7 6.O-O O-O 7.d4 Ne4 8.Nxe4 Bxe4
9.d5 c6 10.Bh3 cxd5 11.Ng5 h6 12.Nxe4 dxe4 13.Bg2 Nc6 14.Bxe4 Rc8 15.Rb1 Qc7
16.b3 Qe5 17.Bg2 Qa5 18.a4 d6 19.Ba3 Rfd8 20.e3 Qf5 21.Qe2 Ne5 22.Rfd1 Qg4
23.Qf1 Qf5 24.Rd5 Qc2 25.Qd1 Qxd1+ 26.Rbxd1 Nd7 27.Bxd6 e6 28.R5d3 Nc5 29.Bxc5 Rxd3
30.Rxd3 bxc5 31.a5 Rb8 32.Bc6 Bf6 33.Rd7 a6 34.Ra7 Bc3 35.Rxa6 Rxb3 36.Ra7 Kf8
37.a6 Ra3 38.Bb5 Ra2 39.Rc7 Be1 40.a7 Bxf2+ 41.Kf1  1-0

[Event "Yinzhou Cup CHN-USA"]
[Site "Ningbo CHN"]
[Date "2013.07.22"]
[Round "4.5"]
[White "Zhou Weiqi"]
[Black "Shulman,Y"]
[Result "1-0"]
[WhiteElo "2616"]
[BlackElo "2542"]

1.Nf3 Nf6 2.c4 b6 3.g3 Bb7 4.Bg2 g6 5.d4 Bg7 6.O-O O-O 7.Re1 e6 8.Bg5 h6
9.Bf4 d6 10.Qc2 Nc6 11.Bd2 d5 12.cxd5 exd5 13.Nc3 Re8 14.a3 Ne4 15.e3 Nxd2
16.Nxd2 Ne7 17.b4 c6 18.Qb3 Qd7 19.Rac1 Rac8 20.Qa4 Ra8 21.Red1 Rec8 22.Nf3 Qe6
23.Qb3 Ba6 24.b5 Bxb5 25.Nxb5 cxb5 26.Qxb5 Rxc1 27.Rxc1 Rc8 28.Rb1 Qc6 29.a4 Qc2
30.Bh3 Rc7 31.Bf1 Bf6 32.Bd3 Qc3 33.Kg2 Kg7 34.Ng1 Qa3 35.Ne2 Qd6 36.h4 h5
37.Nf4 Qa3 38.Bxg6 Bxd4 39.Bxh5 Bf6 40.Qe8 Ng8 41.Nxd5  1-0

[Event "Yinzhou Cup CHN-USA"]
[Site "Ningbo CHN"]
[Date "2013.07.23"]
[Round "5.5"]
[White "Shulman,Y"]
[Black "Wang Yue"]
[Result "1/2-1/2"]
[WhiteElo "2542"]
[BlackElo "2705"]

1.d4 Nf6 2.c4 g6 3.Nc3 d5 4.cxd5 Nxd5 5.e4 Nxc3 6.bxc3 Bg7 7.Nf3 c5 8.Be3 O-O
9.Be2 b6 10.Rc1 Nd7 11.O-O e6 12.Bg5 Qc7 13.d5 exd5 14.exd5 Qd6 15.Bb5 Bb7
16.Bh4 Ne5 17.c4 a6 18.Ba4 b5 19.cxb5 Nxf3+ 20.Qxf3 Bxd5 21.Bg3 Qd8 22.Qd1 Bd4
23.bxa6 Rxa6 24.Bb3 Ra3 25.Kh1 h5 26.f3 Bxb3 27.axb3 Qb6 28.Rb1 Re8 29.Re1 Rxe1+
30.Bxe1 Qa6 31.Bg3 Qf6 32.Qc2 h4 33.Bf2 h3 34.Bxd4 hxg2+ 35.Kxg2 cxd4 36.Rd1 Qg5+
37.Kf1 Qe3 38.Qd3 Qf4 39.Qxd4 Qxf3+ 40.Kg1 Rxb3 41.Rf1 Qc6 42.Qd8+ Kg7 43.Qd4+ f6
44.Qa7+ Rb7 45.Qf2 Rb5 46.Qf3 Qxf3 47.Rxf3 Rb2 48.Ra3 Kh6 49.Ra5 f5 50.Ra4 Kh5
51.Rc4 Re2 52.Ra4 g5 53.Rb4 f4 54.Rb3 Kg4 55.Ra3 Re3 56.Ra5 Rb3 57.Kg2 Rb2+
58.Kg1 Re2 59.Ra3 Rd2 60.Rb3 f3 61.Ra3 Kf4 62.Ra4+ Ke3 63.Ra3+ Rd3 64.Ra1 g4
65.Rb1 Rd4 66.Ra1 Rb4 67.Ra3+ Kf4 68.Ra8 Rb1+ 69.Kf2 Rb2+ 70.Kg1 Rg2+ 71.Kh1 Rd2
72.Kg1 Ke3 73.Re8+ Kf4 74.Rf8+ Ke5 75.Re8+ Kf6 76.Rf8+ Kg7 77.Rf4 Rg2+ 78.Kf1 Kg6
79.h3 Kg5 80.Rxg4+ Rxg4 81.hxg4 Kxg4 82.Kf2 Kf4  1/2-1/2

[Event "Yinzhou Cup CHN-USA Rapid"]
[Site "Ningbo CHN"]
[Date "2013.07.25"]
[Round "2.5"]
[White "Lu Shanglei"]
[Black "Shulman,Y"]
[Result "1/2-1/2"]
[WhiteElo "2536"]
[BlackElo "2542"]

1.e4 e6 2.f4 d5 3.e5 c5 4.Nf3 Nc6 5.c3 Nge7 6.Na3 Nf5 7.Nc2 Bd7 8.Bd3 Nh4
9.O-O Nxf3+ 10.Qxf3 g6 11.Kh1 Bg7 12.b4 c4 13.Be2 a6 14.a4 f6 15.b5 Na5 16.Ba3 Nb3
17.Rad1 f5 18.d3 axb5 19.axb5 cxd3 20.Bxd3 Qb6 21.c4 Nc5 22.cxd5 exd5 23.Qxd5 Nxd3
24.Qxd3 Be6 25.Nd4 Rd8 26.Qc3 Rc8 27.Qg3 Kf7 28.Nxe6 Qxe6 29.Rd6 Qc4 30.e6+ Kg8
31.Rfd1 Bf6 32.e7 Kf7 33.Rxf6+ Kxf6 34.Bb2+ Kf7 35.Qh4 Qe6 36.Bxh8  1/2-1/2

[Event "Yinzhou Cup CHN-USA Rapid"]
[Site "Ningbo CHN"]
[Date "2013.07.25"]
[Round "3.5"]
[White "Shulman,Y"]
[Black "Xiu Deshun"]
[Result "1/2-1/2"]
[WhiteElo "2542"]
[BlackElo "2556"]

1.d4 Nf6 2.c4 e6 3.Nc3 Bb4 4.e3 O-O 5.Bd3 d5 6.Nf3 c5 7.O-O cxd4 8.exd4 dxc4
9.Bxc4 b6 10.Qe2 Bb7 11.Rd1 Nbd7 12.d5 Bxc3 13.dxe6 Bxf3 14.gxf3 fxe6 15.bxc3 Kh8
16.Ba3 Re8 17.Bd6 Nd5 18.Rac1 Rc8 19.Bg3 Qg5 20.h4 Qh6 21.Bb5 Re7 22.Qd2 Qh5
23.Qg5 Qxf3 24.Rxd5 Qxd5 25.Qxe7 Qxb5 26.Qxe6 Rg8 27.Qf7 Rf8 28.Qe7 Qf5 29.Rd1 Rf7
30.Qe8+ Nf8 31.Rd8 Kg8 32.Qe2 Rd7 33.Re8 h6 34.Kh2 Kh7 35.Qe4 Qxe4 36.Rxe4 Kg8
37.a4 Kf7 38.a5 Ne6 39.axb6 axb6 40.Rb4 Rb7 41.Be5 Nc5 42.Rg4 Ne6 43.Rb4 Nc5
44.Bd4 Nd7 45.Kg3 Rc7 46.Bxb6 Rxc3+ 47.Be3 Nf6 48.Kg2 Rc7 49.Bd4 Nd5 50.Ra4 Rd7
51.Be5 Re7  1/2-1/2

[Event "Yinzhou Cup CHN-USA Rapid"]
[Site "Ningbo CHN"]
[Date "2013.07.25"]
[Round "4.5"]
[White "Shulman,Y"]
[Black "Zhou Weiqi"]
[Result "0-1"]
[WhiteElo "2542"]
[BlackElo "2616"]

1.d4 d5 2.c4 c6 3.Nc3 Nf6 4.Nf3 a6 5.e3 Bf5 6.Bd3 Bxd3 7.Qxd3 e6 8.O-O Nbd7
9.e4 dxe4 10.Nxe4 Nxe4 11.Qxe4 Be7 12.Bf4 O-O 13.Rad1 Qa5 14.Qc2 Rac8 15.a3 Rfe8
16.Rfe1 Bf6 17.b4 Qh5 18.h3 a5 19.Qe4 axb4 20.axb4 Qg6 21.Qxg6 hxg6 22.Bd6 Ra8
23.Rb1 b5 24.c5 Ra4 25.g3 Rea8 26.Kg2 Ra2 27.h4 R8a3 28.g4 Rxf3 29.Kxf3 Bxd4
30.Red1 e5 31.Rxd4 exd4 32.g5 Ra3+ 33.Ke4 d3 34.Ke3 Nf8 35.Rd1 Ne6 36.Rxd3 Ra4
37.Rb3 Ra1 38.Bg3 Re1+ 39.Kd2 Re4 40.Rb1 Rc4 41.f3 Nd4 42.Bf2 Nxf3+ 43.Ke2 Nxh4
44.Rd1 Rxb4 45.Rd8+ Kh7 46.Rd6 Rb2+ 47.Kf1 Nf3  0-1

[Event "Yinzhou Cup CHN-USA Rapid"]
[Site "Ningbo CHN"]
[Date "2013.07.26"]
[Round "6.5"]
[White "Shulman,Y"]
[Black "Wen Yang"]
[Result "1-0"]
[WhiteElo "2542"]
[BlackElo "2593"]

1.d4 f5 2.Nc3 Nf6 3.Bg5 d5 4.Bxf6 exf6 5.e3 Be6 6.Bd3 Qd7 7.Nge2 Nc6 8.a3 g6
9.O-O Ne7 10.b3 Bh6 11.Na4 b6 12.c4 c6 13.cxd5 Nxd5 14.Nac3 O-O 15.Nxd5 cxd5
16.Qd2 Rfe8 17.Rfc1 Bf8 18.Ba6 Bd6 19.Qd3 Rf8 20.b4 Rad8 21.Rc3 Bb8 22.Rac1 Bf7
23.Rc6 Qe7 24.g3 h5 25.Rc8 Kg7 26.Rxd8 Rxd8 27.Rc8 Rxc8 28.Bxc8 Qc7 29.Qc3 Qc4
30.Qxc4 dxc4 31.Ba6 Kf8 32.Kf1 h4 33.Ke1 g5 34.Kd2 Ke7 35.f4 Bh5 36.Nc3 Bf7
37.Nd1  1-0

[Event "Yinzhou Cup CHN-USA Rapid"]
[Site "Ningbo CHN"]
[Date "2013.07.26"]
[Round "7.5"]
[White "Shulman,Y"]
[Black "Lu Shanglei"]
[Result "0-1"]
[WhiteElo "2542"]
[BlackElo "2536"]

1.d4 d5 2.c4 c6 3.Nf3 Nf6 4.Nc3 e6 5.Bg5 dxc4 6.e4 b5 7.e5 h6 8.Bh4 g5 9.Nxg5 hxg5
10.Bxg5 Be7 11.exf6 Bxf6 12.Bxf6 Qxf6 13.a4 Rh4 14.g4 Na6 15.Bg2 Bb7 16.axb5 Nb4
17.O-O O-O-O 18.Rxa7 Rxd4 19.Qf3 Qxf3 20.Bxf3 Rhxg4+ 21.Bxg4 Rxg4+ 22.Kh1 cxb5+
23.f3 Rg5 24.Ne4 Rd5 25.Rg1 Nc6 26.Raa1 Nd4 27.Rg8+ Kc7 28.Rg7 Rf5 29.Ra7 Rxf3
30.Kg1 Rf4 31.Ng3 Kb6 32.Ra1 Nf3+ 33.Kf2 Nxh2+ 34.Ke2 Bd5 35.Rh7 Nf3 36.Ke3 Rg4
37.Ne2 Ne5 38.Rh8 Re4+ 39.Kd2 Nf3+ 40.Kd1 c3 41.Rb8+ Kc7 42.Rxb5 c2+ 43.Kxc2 Rxe2+
44.Kd3 Rh2 45.b4 Ne5+ 46.Ke3 Rh3+ 47.Kf4 f6 48.Rf1 Rb3 49.Rc1+ Kd7 50.Rf1 Bc4
51.Rd1+ Nd3+ 52.Rxd3+ Rxd3 53.Rb7+ Kc6 54.Rf7 e5+  0-1

[Event "Yinzhou Cup CHN-USA Rapid"]
[Site "Ningbo CHN"]
[Date "2013.07.26"]
[Round "8.5"]
[White "Xiu Deshun"]
[Black "Shulman,Y"]
[Result "1-0"]
[WhiteElo "2556"]
[BlackElo "2542"]

1.Nf3 Nf6 2.c4 b6 3.g3 Bb7 4.Bg2 g6 5.O-O Bg7 6.d4 O-O 7.Re1 d6 8.Qc2 c5
9.d5 b5 10.e4 bxc4 11.Nbd2 Ba6 12.Nxc4 Bxc4 13.Qxc4 Nbd7 14.Bd2 Rb8 15.Bc3 Nb6
16.Qa6 Qc8 17.Qxa7 Rb7 18.Qa6 Qa8 19.Qd3 Ra7 20.e5 Nfxd5 21.exd6 exd6 22.Bxg7 Kxg7
23.Ng5 Qd8 24.h4 Nf6 25.a3 d5 26.Rac1 Qd6 27.h5 Nxh5 28.Ne4 Qd8 29.Nxc5 Nf6
30.Qd4 Re7 31.a4 Rxe1+ 32.Rxe1 Nc4 33.Re6 Re8 34.Nb7 fxe6 35.Nxd8 Rxd8 36.b3 Nd6
37.a5 Rc8 38.a6 Rc1+ 39.Bf1 Nb5 40.Qb2 Rd1 41.Qe2 Nc3 42.Qxd1 Nxd1 43.a7  1-0

[Event "Yinzhou Cup CHN-USA Rapid"]
[Site "Ningbo CHN"]
[Date "2013.07.27"]
[Round "9.5"]
[White "Zhou Weiqi"]
[Black "Shulman,Y"]
[Result "1/2-1/2"]
[WhiteElo "2616"]
[BlackElo "2542"]

1.Nf3 d5 2.d4 Nf6 3.c4 e6 4.g3 dxc4 5.Bg2 a6 6.O-O Nc6 7.e3 Rb8 8.Qe2 b5
9.b3 cxb3 10.axb3 Be7 11.Bb2 O-O 12.Nbd2 Bb7 13.Rfc1 Nb4 14.e4 Rc8 15.e5 Nd7
16.Ne4 c5 17.Nd6 Bxd6 18.exd6 Qb6 19.dxc5 Rxc5 20.Rxc5 Qxc5 21.Rd1 Bd5 22.Ne5 Nxe5
23.Qxe5 f6 24.Rxd5 exd5 25.Qe6+ Kh8 26.Qe7 Rg8 27.Bxf6 Nc6 28.Bxg7+ Rxg7
29.Qf8+ Rg8 30.Qf6+ Rg7 31.Qf8+  1/2-1/2

[Event "Yinzhou Cup CHN-USA Rapid"]
[Site "Ningbo CHN"]
[Date "2013.07.27"]
[Round "10.5"]
[White "Shulman,Y"]
[Black "Wang Yue"]
[Result "0-1"]
[WhiteElo "2542"]
[BlackElo "2705"]

1.d4 Nf6 2.c4 g6 3.Nc3 d5 4.cxd5 Nxd5 5.e4 Nxc3 6.bxc3 Bg7 7.Nf3 c5 8.Be3 Bg4
9.Bb5+ Nc6 10.O-O O-O 11.Bxc6 bxc6 12.Rc1 Qa5 13.Qe2 Rfd8 14.Rfd1 Qa4 15.Rd2 e5
16.Bg5 Rd7 17.dxe5 Rxd2 18.Qxd2 Qxe4 19.Re1 Qd5 20.Qxd5 cxd5 21.Be7 Rc8 22.h3 Bxf3
23.gxf3 d4 24.c4 Bf8 25.Bxf8 Kxf8 26.Rb1 d3 27.Kf1 Rd8 28.Ke1 Rd4 29.Kd2 Rxc4
30.Kxd3 Ra4 31.Rb2 Ke7 32.Rc2 Ra5 33.Rc4 Ke6 34.Ke4 Rxa2 35.Rxc5 Ra4+ 36.Ke3 g5
37.Rc7 h5 38.Ke2 Ra2+ 39.Kf1 a5 40.Ra7 a4 41.Kg2 a3 42.f4 gxf4 43.Kf3 Kxe5
44.Ra5+ Kd4 45.Rxh5  0-1

[Event "23rd Chicago Open 2014"]
[Site "Wheeling USA"]
[Date "2014.05.22"]
[Round "1.9"]
[White "Shulman,Y"]
[Black "Danelia,M"]
[Result "1-0"]
[WhiteElo "2560"]
[BlackElo "2237"]

1.d4 Nf6 2.c4 g6 3.Nc3 d5 4.cxd5 Nxd5 5.e4 Nxc3 6.bxc3 Bg7 7.Nf3 c5 8.Be3 O-O
9.Be2 cxd4 10.cxd4 Qa5+ 11.Nd2 Rd8 12.O-O Nc6 13.Nb3 Qa4 14.Rc1 Na5 15.Qd3 Nxb3
16.axb3 Qb4 17.d5 b6 18.Rc7 Bd7 19.f4 Qd6 20.Rfc1 e6 21.Bf3 exd5 22.Qxd5 Bf8
23.e5 Qxd5 24.Bxd5 Rac8 25.Bxf7+ Kxf7 26.Rxd7+ Rxd7 27.Rxc8 Rd3 28.Kf2 Be7
29.Rc7 Ke6 30.g4 Bh4+ 31.Kf3 Rd7 32.f5+ gxf5 33.gxf5+ Ke7 34.Rxd7+ Kxd7 35.Ke4  1-0

[Event "23rd Chicago Open 2014"]
[Site "Wheeling USA"]
[Date "2014.05.23"]
[Round "2.6"]
[White "Homa,S"]
[Black "Shulman,Y"]
[Result "0-1"]
[WhiteElo "2331"]
[BlackElo "2560"]

1.d4 Nf6 2.Nf3 g6 3.g3 Bg7 4.Bg2 c5 5.O-O cxd4 6.Nxd4 Nc6 7.Nc3 O-O 8.Nb3 d6
9.h3 a5 10.a4 Be6 11.e4 Bxb3 12.cxb3 Nd7 13.Re1 Nc5 14.Bf1 Rc8 15.Be3 Nb4
16.Rc1 e6 17.h4 b6 18.Bg5 Qd7 19.Nb5 Bxb2 20.Rb1 Be5 21.f4 Bg7 22.Nxd6 Rc6
23.e5 h6 24.Bb5 hxg5 25.hxg5 Rxd6 26.exd6 Qb7 27.Bc4 Nc6 28.Qf3 Rd8 29.f5 gxf5
30.g6 Nd4 31.Qxb7 Nxb7 32.gxf7+ Kxf7 33.Rf1 Nxd6 34.Bd3 Be5 35.Kf2 Rg8 36.Rg1 Nxb3  0-1

[Event "23rd Chicago Open 2014"]
[Site "Wheeling USA"]
[Date "2014.05.23"]
[Round "3.4"]
[White "Shulman,Y"]
[Black "Samsonkin,A"]
[Result "1-0"]
[WhiteElo "2560"]
[BlackElo "2415"]

1.Nf3 Nf6 2.c4 g6 3.Nc3 Bg7 4.e4 d6 5.d4 O-O 6.Be2 e5 7.Be3 Na6 8.O-O Ng4
9.Bg5 Qe8 10.Re1 h6 11.Bh4 Nf6 12.Bxf6 Bxf6 13.c5 exd4 14.Nd5 Bd8 15.Bxa6 bxa6
16.cxd6 c6 17.Nf4 c5 18.b4 g5 19.Nd5 g4 20.Nd2 cxb4 21.Nc4 Be6 22.Qxd4 Rc8
23.Rad1 Bxd5 24.exd5 Qd7 25.Ne5 Qf5 26.Nc6  1-0

[Event "23rd Chicago Open 2014"]
[Site "Wheeling USA"]
[Date "2014.05.24"]
[Round "4.2"]
[White "Bregadze,L"]
[Black "Shulman,Y"]
[Result "1-0"]
[WhiteElo "2428"]
[BlackElo "2560"]

1.e4 c5 2.b3 Nc6 3.Bb2 d6 4.Bb5 e5 5.f4 exf4 6.Nf3 Ne7 7.Nc3 Ng6 8.Nd5 a6
9.Be2 Be6 10.d4 cxd4 11.O-O Be7 12.Nxe7 Qxe7 13.Nxd4 O-O 14.Nxc6 bxc6 15.Qd4 f5
16.Rad1 fxe4 17.Qxd6 Qf7 18.Qxc6 f3 19.gxf3 e3 20.Kh1 Rfe8 21.Qb6 Rac8 22.c4 h6
23.Rg1 Bf5 24.Rd6 Kh7 25.Qd4 Kh8 26.c5 Rc7 27.Rd8 Rxd8 28.Qxd8+ Kh7 29.Qd4 Rd7
30.Qxe3 Re7 31.Qf2 Qe8 32.Bc4 Re3 33.Bf7 Qe7 34.c6 Re2 35.Bxg6+ Bxg6 36.Qg3 Qf7
37.c7 Rc2 38.Rc1 Rxc1+ 39.Bxc1 Qd7 40.Kg2 Bf5 41.Qe5 h5 42.Be3 h4 43.Bd4 Qf7
44.Kf2 Qg6 45.Qe7 h3 46.Qh4+ Qh6 47.Qxh6+ Kxh6 48.b4 Kg6 49.Ke3 Kf7 50.Be5 g6
51.Kd4 Ke7 52.Kc5 Kd7 53.Kb6 Kc8 54.Kxa6 g5 55.a4 g4 56.fxg4 Bxg4 57.b5 Bd1
58.a5 Be2 59.Kb6 Bd3 60.a6 Be2 61.Ka5 Kd7 62.b6  1-0

[Event "23rd Chicago Open 2014"]
[Site "Wheeling USA"]
[Date "2014.05.24"]
[Round "5.6"]
[White "Shulman,Y"]
[Black "Panjwani,R"]
[Result "1-0"]
[WhiteElo "2560"]
[BlackElo "2444"]

1.d4 d5 2.c4 e6 3.Nc3 a6 4.Nf3 Nf6 5.cxd5 exd5 6.Bg5 Be7 7.e3 O-O 8.Bd3 Be6
9.O-O Nbd7 10.Qc2 h6 11.Bf4 Rc8 12.Rac1 c5 13.dxc5 Nxc5 14.Nd4 b5 15.Rfd1 Qd7
16.a3 Rfd8 17.Qb1 Qb7 18.Be2 Bf8 19.Be5 Ncd7 20.Bxf6 Nxf6 21.Na2 Bd7 22.Rxc8 Rxc8
23.Rc1 Rxc1+ 24.Qxc1 a5 25.Qc2 b4 26.axb4 axb4 27.Nc1 Ne4 28.Ncb3 Ba4 29.Bf3 Qa8
30.Bxe4 dxe4 31.Qb1 Qc8 32.Nd2 Bc5 33.Qc1 Bd7 34.Nxe4 Bf8 35.Qxc8 Bxc8 36.Kf1 f5
37.Nd2 Kf7 38.Ke2 Ba6+ 39.Kd1 Bd3 40.N2f3 Kf6 41.Kd2 Bc4 42.Ne1 g5 43.g3 Bd6
44.f4 Bd5 45.Nd3 Be4 46.Nc2 Kg6 47.Ncxb4 Kh5 48.Ke2 Bb7 49.Nc2 Ba6 50.Nd4 Kg4
51.Kd2 Kh3 52.Nxf5 Bf8 53.Nf2+ Kxh2 54.Ng4+ Kh3 55.Ngxh6 g4 56.e4 Bc8 57.Kd3 Bxh6
58.Nxh6 Kxg3 59.f5 Kf3 60.f6 Be6 61.f7 Bxf7 62.Nxf7 g3 63.Ne5+ Kf4 64.Ng6+ Kg4
65.Ke3  1-0

[Event "23rd Chicago Open 2014"]
[Site "Wheeling USA"]
[Date "2014.05.25"]
[Round "6.3"]
[White "Perelshteyn,E"]
[Black "Shulman,Y"]
[Result "1/2-1/2"]
[WhiteElo "2513"]
[BlackElo "2560"]

1.e4 e6 2.d4 d5 3.Nc3 Bb4 4.a3 Bxc3+ 5.bxc3 Ne7 6.exd5 exd5 7.Bd3 Bf5 8.Ne2 O-O
9.O-O Nd7 10.a4 Re8 11.Ba3 Nf6 12.Ng3 Bxd3 13.cxd3 Qd7 14.Qf3 Qg4 15.Qxg4 Nxg4
16.Rfb1 b6 17.Bxe7 Rxe7 18.a5 Ree8 19.h3 Nf6 20.Nf5 Rab8 21.axb6 axb6 22.Ra7 g6
23.Ne3 c5 24.Rb5 Rec8 25.g4 cxd4 26.cxd4 Rc3 27.Nxd5 Nxd5 28.Rxd5 Rxd3 29.Kg2 b5
30.Rdd7 Rf8 31.Rab7 Rb3 32.d5 Kg7 33.g5 h6 34.h4 b4 35.d6 Rb1 36.gxh6+ Kxh6
37.Rxf7 Rxf7 38.Rxf7 Rd1 39.Rb7 Rxd6 40.Rxb4 Rd3  1/2-1/2

[Event "23rd Chicago Open 2014"]
[Site "Wheeling USA"]
[Date "2014.05.25"]
[Round "7.4"]
[White "Shulman,Y"]
[Black "Molner,M"]
[Result "1-0"]
[WhiteElo "2560"]
[BlackElo "2522"]

1.Nf3 c5 2.c4 Nf6 3.Nc3 d5 4.cxd5 Nxd5 5.g3 g6 6.Bg2 Bg7 7.Qa4+ Nc6 8.Qc4 Ndb4
9.O-O Na6 10.d3 O-O 11.Qh4 e5 12.Ng5 h6 13.Bxc6 bxc6 14.Nf3 Qxh4 15.Nxh4 Be6
16.Ng2 c4 17.dxc4 Bxc4 18.Ne3 Be6 19.b3 c5 20.Ba3 Rfd8 21.Rfd1 Nb4 22.Bxb4 cxb4
23.Ncd5 Rab8 24.Ne7+ Kf8 25.Nc6 Rxd1+ 26.Rxd1 Rc8 27.Nxb4 a5 28.Nbd5 f5 29.f3 a4
30.bxa4 Rc5 31.Kf2 Kf7 32.Nb6 Bf8 33.Nd7 Ra5 34.Nxf8 Kxf8 35.a3 Rxa4 36.Rd3 f4
37.Nd1 Rc4 38.Rc3 Rd4 39.Nb2 Ke7 40.Rd3 Rd6 41.Rxd6 Kxd6 42.Nd3 fxg3+ 43.hxg3 Bb3
44.Ke3 Ba4 45.Nb2 Be8 46.a4 g5 47.a5 h5 48.a6 Bc6 49.a7 Kc5 50.Nd3+ Kd6 51.Nf2 h4
52.g4 Kc7 53.Nh3 Kb7 54.Nxg5 Kxa7 55.Nf7 e4 56.Ne5 Bb5 57.fxe4 h3 58.Kf2 Bxe2
59.Kg3 Bd1 60.Nd3  1-0

[Event "23rd Chicago Open 2014"]
[Site "Wheeling USA"]
[Date "2014.05.26"]
[Round "8.2"]
[White "Troff,Kayden W"]
[Black "Shulman,Y"]
[Result "1/2-1/2"]
[WhiteElo "2484"]
[BlackElo "2560"]

1.d4 Nf6 2.c4 c5 3.d5 e5 4.Nc3 d6 5.e4 Be7 6.Bd3 Nbd7 7.Nf3 O-O 8.h3 Nh5
9.O-O Nf4 10.Re1 Nxd3 11.Qxd3 Nf6 12.Ne2 Ne8 13.g4 h5 14.Nh2 hxg4 15.hxg4 Nf6
16.f3 Nh7 17.Kg2 Bg5 18.Rh1 Bxc1 19.Raxc1 g6 20.Nf1 Bd7 21.Nfg3 Kg7 22.Rh2 Qf6
23.Rch1 Ng5 24.Ng1 Rh8  1/2-1/2

[Event "23rd Chicago Open 2014"]
[Site "Wheeling USA"]
[Date "2014.05.26"]
[Round "9.1"]
[White "Shulman,Y"]
[Black "Sargissian,G"]
[Result "1/2-1/2"]
[WhiteElo "2560"]
[BlackElo "2684"]

1.c4 e6 2.g3 d5 3.Bg2 Nf6 4.Nf3 Be7 5.b3 O-O 6.O-O b6 7.Bb2 Bb7 8.e3 dxc4
9.bxc4 c5 10.Qe2 Nc6 11.Nc3 Qc7 12.Rac1 a6 13.Rfd1 Rfd8 14.d4 Na5 15.Nb1 Rac8
16.Nbd2 Bc6 17.Nb3 Ba4 18.Rd3 Nc6 19.dxc5 bxc5 20.Bxf6 gxf6 21.Rxd8+  1/2-1/2